000 00643nam a2200229Ia 4500
003 OSt
005 20220918192554.0
006 a|||||r|||| 00| 0
007 ta
008 220917b |||||||| |||| 00| 0 eng d
024 _a69,101
037 _cTextual
040 _aARTS
_cARTS
_beng
041 _2eng
_aeng
082 _aR3:(Q:3), K2
100 _aDoniger Simon ed
_979481
245 0 _aNature of man in theological and psychological perspective
260 _aPlainview
_bBooks for Libraries Press
_c1962
300 _axxi,264p.
_ccm.
942 _hR3:(Q:3), K2
_cTEXL
_2CC
999 _c195264
_d195264